| LEADER |
00679nam0a2200205 450 |
| 001 |
16823978 |
| 010 |
|
|
|a 978-2-7000-2484-5
|b Br.
|d 12
|
| 100 |
|
|
|a 20090403d2009 u u0frey01 ba
|
| 101 |
0 |
|
|a fre
|
| 102 |
|
|
|a FR
|
| 200 |
0 |
|
|a 100 dragons de Viviane (Les)
|f texte Jean-Luc Bizien
|g illustrations de Emmanuel Saint
|
| 207 |
|
1 |
|a
|
| 210 |
|
|
|a Paris
|c Grund
|d 2009
|
| 215 |
|
|
|a 48 p.
|c ill. en coul.
|d 30 x 23 cm
|
| 225 |
1 |
|
|a Vivez l'aventure
|x 0298-038X
|
| 700 |
|
0 |
|a Bizien
|b Jean-Luc
|f 1963-....
|4 70
|
| 702 |
|
0 |
|a Saint
|b Emmanuel
|4 440
|
| 900 |
|
|
|a Album
|
| 901 |
|
|
|a Accessible au prêt
|
| 995 |
|
|
|a Bibliothèque
|c Bibliothèque
|f 024016860
|h 024016860
|k A2 BIZ
|o p
|q j
|r az
|e Bibliothèque
|